| 000 | 00429nam a2200205Ia 4500 | ||
|---|---|---|---|
| 003 | IT-RoPAU | ||
| 008 | 120407s9999 xx 000 0 und d | ||
| 040 | _aIT-RoPAU | ||
| 040 | _cIT-RoPAU | ||
| 041 | _afra | ||
| 100 | _aPaul Ricoeur | ||
| 245 | _aLe volontaire et l’involontaire. | ||
| 250 | _aParis | ||
| 260 | _aAubier | ||
| 260 | _c1963 | ||
| 300 | _a464 p. | ||
| 300 | _c22 cm | ||
| 490 | _a270 | ||
| 942 | _cBK | ||
| 999 |
_c34893 _d34893 |
||